000 00552nam a2200169 i 4500
001 bg
245 0 _aAkustyczna metoda oceny parametrów przewodnictwa elektrycznego cienkich warstw polimerów /
_cJ. Ranachowski [et al.].
260 _aWarszawa,
_c1985.
490 1 _aPrace Instytutu Podstawowych Problemów Techniki PAN
700 1 _aRanachowski, J.
830 _aPrace Instytutu Podstawowych Problemów Techniki PAN
040 _cBPK
041 _apol
080 _a678.7:537.3:534
942 _cKS
008 s pl f |000 0 pol
999 _c28330
_d28330
856 _uhttp://koha.tu.koszalin.pl/cgi-bin/koha/opac-detail.pl?biblionumber=28330
_yKatalog online BPK